Statistiques concernant Culture Générale - Série 933

Cliquez ici pour prendre le quiz!

Statistiques générales

  • Ce quiz a été pris 84 fois
  • Le résultat moyen est 4 sur 10

Statistiques - réponses

QuestionRéponse% Correct
À quel nom de fleur associe-t-on le mot trémière ?rose
82%
Magistrat musulman remplissant des fonctions civiles, judiciaires et religieuses, dont celle de juger les différends entre particuliers. Son anagramme est "caid"cadi
56%
En décembre 2000, quel footballeur a été désigné “meilleur joueur français” du siècle par France-Football ?Michel Platini
56%
Que récolte un paludier ?sel
53%
Ustensile domestique qui est utilisé pour faire bouillir l'eau du thé en Russie, en Iran, en Turquie, en Azerbaidjan ainsi qu'en Inde et dans quelques autres pays eurasiatiquessamovar
49%
On l'appelle céteau, ou séteau, ou langue d'avocat, c'est un ...poisson
31%
Quel est le fleuve qui arrose la ville de Quimper ?Odet
26%
Dans les Pyrénées se trouve le col de Portet d'...Aspet
23%
Qu'est-ce qu'un sipo ?arbre
13%
Qu'est-ce qu'une "sialis" ?insecte
10%

Distribution des résultats

Percentile par nombre de réponses

% des personnes avec chaque résultat

Votre développement - résultats

Vous n’avez pas pris ce quiz